| 000 | 00450 a2200133 4500 | ||
|---|---|---|---|
| 001 | 87761 | ||
| 082 | _aPR 138 | ||
| 090 |
_c41220 _d41220 |
||
| 100 | _aBilal Ahmad, Plt Off 15233 69EC | ||
| 245 | _aNumerical simulation of subsonic and supersonic flow inside flush inlet in particular to study supersonic buzz phenomenon | ||
| 260 |
_aRisalpur _bNUST Risalpur _c2010 |
||
| 300 |
_axiii, 53p. _eTaimur Ali Shams, Sqn Ldr |
||
| 500 | _aBE Project Reports | ||
| 942 |
_aCAE NUST _kPR 138 |
||
| 999 |
_c322834 _d322834 |
||